Educación en la transición a la democracia: casos de Argentina, Brasil, Uruguay

Saved in:
Bibliografiske detaljer
Hovedforfatter: Braslavsky, Cecilia (Author)
Format: Bog
Sprog:spansk
Udgivet: Santiago UNESCO-OREALC 1989
Fag:
Tags: Tilføj Tag
Ingen Tags, Vær først til at tagge denne postø!

MARC

LEADER 00000nam a2200000 a 4500
001 UCW6575
003 CL-VaPUC
008 920402e19890000CL |||||||||||||||||spa|d
082 0 4 |a 379.15  |b BRA  |2 21 
100 0 |a Braslavsky, Cecilia  |e author  |9 311575 
245 1 0 |a Educación en la transición a la democracia: casos de Argentina, Brasil, Uruguay 
300 |a 335 p 
942 |c BK 
945 |d 19920402 00:00:00 
260 |a Santiago  |b UNESCO-OREALC  |c 1989 
650 0 |a Política educacional  |9 308011 
651 0 |a Argentina  |9 254888 
651 0 |a Brasil  |9 267393 
651 0 |a Uruguay  |9 255194 
583 |a last modification  |c 19920402 00:00:00  |k Rodrigo Vera 
999 |c 219570  |d 219568 
952 |0 0  |1 0  |4 0  |6 379_150000000000000_BRA_1989  |7 0  |8 A  |9 210655  |a BIBEDU  |b BIBEDU  |d 2019-11-15  |i 2788667  |o 379.15 BRA 1989  |p 2788667  |r 2019-11-15  |w 2019-11-15  |y BK  |k EDU